• 首页
  • 本馆介绍
  • 公告通知
  • 最新文献
  • 馆藏检索
  • 电子资源
  • 读者导购
  • 参考咨询
  • 我的图书馆
  • 登录
  • 详细信息显示
  • 放入我的书架
  • 预约/预借图书
  • 作者相关作品
  • 分类相关作品
  • 丛书相关作品
  • 出版社相关作品

书目信息

  • 表格格式
  • 工作单格式
  • 卡片格式
题名:
我国农民专业合作社的制度解析
    
 
作者: 马彦丽 著
分册:  
出版信息: 北京   中国社会科学出版社  2007
页数: 269页
开本: 21cm
丛书名:
单 册:
中图分类: F321.2
科图分类:
主题词: 农业生产合作社--制度--研究--中国 , 农业生产合作社
电子资源:
ISBN: 978-7-5004-6366-5
000 01075nam0 2200265 45
001 1029932386
005 20100428145602.48
010    @a978-7-5004-6366-5@dCNY25.00
100    @a20100420d2007 em y0chiy50 ea
101 0  @achi@deng
102    @aCN@b110000
105    @ay z 000yy
106    @ar
200 1  @a我国农民专业合作社的制度解析@AWo Guo Nong Min Zhuan Ye He Zuo She De Zhi Du Jie Xi@dInstitutional analysis of farmer specialized cooperatives in China@f马彦丽著@FMa Yan Li Zhu@zeng
210    @a北京@c中国社会科学出版社@d2007
215    @a269页@d21cm
300    @a河北经贸大学学术著作出版基金资助 河北省优秀重点学科产业经济学学科出版基金资助
330    @a本书介绍了国内外合作社理论研究已经取得的成果及最新进展,重点讨论了合作社制度的各个侧面。
510 1  @aInstitutional analysis of farmer specialized cooperatives in China@zeng
606 0  @a农业生产合作社@x制度@x研究@y中国
606 0  @a农业生产合作社
690    @aF321.2@v4
701  0 @a马彦丽@AMa Yan Li@g(女,@f1970~)@4著
801  0 @aCN@bTANGWEI@c20100428
905    @b0594477-81@dF321.2@e125@f5
    
    我国农民专业合作社的制度解析=Institutional analysis of farmer specialized cooperatives in China/马彦丽著.-北京:中国社会科学出版社,2007
    269页;21cm
    河北经贸大学学术著作出版基金资助 河北省优秀重点学科产业经济学学科出版基金资助
    
    ISBN 978-7-5004-6366-5:CNY25.00
    本书介绍了国内外合作社理论研究已经取得的成果及最新进展,重点讨论了合作社制度的各个侧面。
●
相关链接 在E读中查询图书 在五车中查询图书 在当当中查询图书 在豆瓣中查询图书


正题名:我国农民专业合作社的制度解析     索取号:F321.2/125         预约/预借

序号 登录号 条形码 馆藏地/架位号 状态 备注
1 0594477   205944772   第一样本阅览室/ [索取号:F321.2/125] 在馆    
2 0594478   205944781   第一借阅区/ [索取号:F321.2/125] 在馆    
3 0594479   205944790   第一借阅区/ [索取号:F321.2/125] 在馆    
4 0594480   205944807   第一借阅区/ [索取号:F321.2/125] 在馆    
5 0594481   205944816   第一借阅区/ [索取号:F321.2/125] 在馆    
唐山师范学院图书馆 欢迎您!
大连网信软件有限公司© 版权所有